Fast forward 3- classbook

Guardat en:
Dades bibliogràfiques
Format: Llibre
Publicat: 1980
Etiquetes: Afegir etiqueta
Sense etiquetes, Sigues el primer a etiquetar aquest registre!
Thư viện lưu trữ: Mạng thư viện Đại học Đà Nẵng
LEADER 00435nam a22001811a 4500
001 000038016
003 14311
005 20160412021213.0
008 160412s1980 000
082 |a 4A(07)1532 
245 |a Fast forward 3- classbook  |c Mariaon Geddes 
260 |c 1980 
OWN |a LNN 
999 |a From the UDN01 
TYP |a Monograph 
980 |a Mạng thư viện Đại học Đà Nẵng